Bramkarze z największą liczbą meczów w reprezentacji Polski - Statystyki

Ogólne statystyki
  • Ten quiz został rozwiązany 304 razy
  • Średni wynik to 6 z 10
Statystyki odpowiedzi
Występy Bramkarz % Poprawnych
84 Wojciech Szczęsny
100%
54 Łukasz Fabiański
98%
65 Artur Boruc
87%
60 Jerzy Dudek
85%
63 Jan Tomaszewski
74%
42 Józef Młynarczyk
54%
34 Adam Matysek
24%
52 Józef Wandzik
14%
35 Jarosław Bako
9%
53 Edward Szymkowiak
7%
Nie znaleziono quizów pasujących do podanych kryteriów
Rozkład punktacji
Procent ludzi z każdym wynikiem
Percentyl według liczby udzielonych odpowiedzi
Twoja historia wyników
Nie rozwiązałeś tego quizu